Normal view
MARC view
- Bovet, Pierre,
Entry Nombre Personal
001 - NUMERO DE CONTROL
- campo de control: 31438
003 - IDENTIFICADOR DE NUMERO DE CONTROL
- campo de control: UPN
005 - FECHA Y HORA DE LA ÜLTIMA TRANSACCIÓN
- campo de control: 20240822102240.0
008 - DATOS DE LONGITUD FIJA
- campo de control de longitud fija: nabaccnnaabn|||||||||| b |nc|||||d
035 ## - NUMERO DE CONTROL
- Número de control: UPN11000003544
040 ## - FUENTE DE CATALOGACIÓN
- Lenguaje de catalogación: SPA
- Agencia de transcripción: UPN
- Agencia original de catalogación: MX-MxUPN
100 1# - ENCABEZAMIENTO - NOMBRE PERSONAL
- Nombre personal: Bovet, Pierre,
- Fechas asociadas con el nombre: 1878-1944
400 1# - VEÁSE - NOMBRE DE PERSONA
- Personal name: Bovet, Pedro
670 ## - FUENTE EN LA QUE SE LOCALIZARON DATOS
- Cita de la fuente: LC
670 ## - FUENTE EN LA QUE SE LOCALIZARON DATOS
- Cita de la fuente: La obra del Instituto J. J. Rousseau : veinte años de vida 1912-1932, 1934 :
- Información localizada: portada (Pedro Bovet)
680 ## - NOTA PUBLICA DE ACCESO PÚBLICO
- Frase explicativa de la referencia: Pedagogo y psicólogo suizo
902 ## - CATALOGADOR
- Catalogador: CAA/111011
